000 00721nam a2200241 a 4500
001 14486
003 BD-RjUL
005 20211208235633.0
008 140206s19531943nyu b 001 0 eng d
035 _a(BD-RjUL)14538
035 _a(BD-RjUL)
040 _aANL
_beng
_cANL
041 _aeng
082 0 4 _a657.48
_219
_bMAF 1953
100 1 _aMay, George O.
_q(George Oliver),
_d1875-1961.
_945177
245 1 0 _aFinancial accounting :
_ba distillation of experience /
_cby George O. May.
260 _aNew York :
_bMacmillan,
_c1953
300 _a274 p.;
_c18 cm.
504 _aIncludes bibliographical references and index.
650 0 _aAccounting.
_945178
650 0 _aFinancial statements.
_945179
942 _2ddc
_cBK
999 _c14486
_d14486